000 00468nam a2200181Ia 4500
001 22752
005 20260414150852.0
008 260414t2015||||xx |||||||||||||| ||spa||
041 _aESP
082 _a621.47
_bA122
100 _aAddario, Miguel d´
_eAUT
245 0 _aManual de energía solar fotovoltaica :
_busos, aplicaciones y diseño
260 _c2015
300 _a261 páginas :
_c23 cm.
650 _aTCA
654 _aCET
942 _cLIB
_dJUS
_fJUS
_2ddc
_n
999 _c22752
_d22752